Les 20 empires les plus vastes à leur plus grande étendue - Statistiques

Statistiques générales
  • Ce quiz a été pris 47 fois
  • Le résultat moyen est 8 sur 20
Statistiques - réponses
Extension Empire % Correct
33 millions de km2 Empire mongol
90%
5,2 millions de km2 Empire ottoman
80%
6,5 millions de km2 Empire romain
76%
13 millions de km2 Second empire colonial français
71%
8,1 millions de km2 Premier empire colonial français
68%
22,8 millions de km2 Empire russe
63%
33 millions de km2 Empire britannique
59%
27,4 millions de km2 Empire colonial espagnol
59%
10,4 millions de km2 Empire colonial portugais
44%
7,4 millions de km2 Empire japonais
39%
14,7 millions de km2 Empire de la dynastie Qing
27%
6,5 millions de km2 Empire de la dynastie Ming
24%
13 millions de km2 Califat omeyyade
17%
8,5 millions de km2 Empire brésilien
15%
14 millions de km2 Empire de la dynastie Yuan
12%
11,0 millions de km2 Califat abbasside
10%
8,1 millions de km2 Empire achéménide
7%
11,0 millions de km2 Empire de la Dynastie Tang
7%
6,5 millions de km2 Empire de la dynastie Han
2%
9,0 millions de km2 Califat Rachidun
0%
Aucun quiz correspondant
Distribution des résultats
% des personnes avec chaque résultat
Percentile par nombre de réponses
Votre historique - résultats
Vous n’avez pas pris ce quiz